ბათუმის შოთა რუსთაველის სახელმწიფო უნივერსიტეტის ბიბლიოთეკა

Водо-снабжение: курсовое проектирование. (ბიბ.ჩანაწერი № 37889)

000 -LEADER
fixed length control field 00717nam a2200217Ia 4500
001 - CONTROL NUMBER
control field 3867
003 - CONTROL NUMBER IDENTIFIER
control field GE_BSU
008 - FIXED-LENGTH DATA ELEMENTS--GENERAL INFORMATION
fixed length control field 181216s||||||||xx |||||||||||||| ||und||
040 ## - CATALOGING SOURCE
Transcribing agency GE_BSU
080 ## - UNIVERSAL DECIMAL CLASSIFICATION NUMBER
Universal Decimal Classification number 628.1(07)
100 ## - MAIN ENTRY--PERSONAL NAME
Personal name Тугай,А.М. Терновцев,В.Е.
245 ## - TITLE STATEMENT
Title Водо-снабжение: курсовое проектирование.
245 ## - TITLE STATEMENT
Remainder of title Учебн. пособ. для вузов.
245 ## - TITLE STATEMENT
Statement of responsibility, etc. Ред. А.И.Черкасенко.
260 ## - PUBLICATION, DISTRIBUTION, ETC.
Place of publication, distribution, etc. Киев.
260 ## - PUBLICATION, DISTRIBUTION, ETC.
Name of publisher, distributor, etc. Вища школа, гловное изд-во.
260 ## - PUBLICATION, DISTRIBUTION, ETC.
Date of publication, distribution, etc. 1980.
300 ## - PHYSICAL DESCRIPTION
Extent 208 стр. 22 см.
653 ## - INDEX TERM--UNCONTROLLED
Uncontrolled term Водо-снабжение: курсовое проектирование.
942 ## - ADDED ENTRY ELEMENTS (KOHA)
Koha item type წიგნი
ეგზემპლარები
Withdrawn status Lost status Damaged status Not for loan Date acquired Barcode Date last seen Price effective from Koha item type
        2018-12-17 9339 2018-12-17 2018-12-17 წიგნი